[Event "Hoogovens"]
[Site "Wijk aan Zee"]
[Date "1974.01.18"]
[Round "4"]
[White "Adorjan, Andras"]
[Black "Pomar Salamanca, Arturo"]
[Result "1/2-1/2"]
[WhiteElo "2515"]
[BlackElo "2435"]
[PlyCount "49"]
[EventDate "1974.01.15"]
[EventType "tourn"]
[EventRounds "15"]
[EventCountry "NED"]
[EventCategory "10"]
[Source "ChessBase"]
[SourceDate "1999.07.01"]
[WhiteTeamCountry "HUN"]
[BlackTeamCountry "URS"]

1. e4 c6 2. d4 d5 3. Nc3 dxe4 4. Nxe4 Bf5 5. Ng3 Bg6 6. h4 h6 7. Nf3 Nd7 8. h5
Bh7 9. Bd3 Bxd3 10. Qxd3 Qc7 11. Bd2 e6 12. O-O-O Ngf6 13. Ne4 O-O-O 14. g3
Nxe4 15. Qxe4 Bd6 16. c4 c5 17. Qe2 Rhe8 18. Bc3 f5 19. Qc2 Nf6 20. d5 Ne4 21.
dxe6 Rxe6 22. Rd5 Qf7 23. Kb1 Bc7 24. Rxd8+ Kxd8 25. Nh4 1/2-1/2

[Event "Hoogovens"]
[Site "Wijk aan Zee"]
[Date "1974.01.21"]
[Round "6"]
[White "Matulovic, Milan"]
[Black "Adorjan, Andras"]
[Result "1-0"]
[WhiteElo "2525"]
[BlackElo "2515"]
[PlyCount "73"]
[EventDate "1974.01.15"]
[EventType "tourn"]
[EventRounds "15"]
[EventCountry "NED"]
[EventCategory "10"]
[Source "ChessBase"]
[SourceDate "1999.07.01"]
[WhiteTeamCountry "HUN"]
[BlackTeamCountry "URS"]

1. e4 g6 2. d4 Bg7 3. Nc3 d6 4. f4 Nf6 5. Nf3 c5 6. e5 Nfd7 7. exd6 O-O 8. Be3
Qb6 9. dxe7 Re8 10. Bc4 Qb4 11. Be2 Nc6 12. a3 Qb6 13. Na4 Qa5+ 14. Bd2 Qc7 15.
d5 Nd4 16. O-O Nf6 17. c4 Nxe2+ 18. Qxe2 Rxe7 19. Qd3 Bf5 20. Qb3 Ne4 21. Rad1
Nxd2 22. Rxd2 Qxf4 23. d6 Re3 24. Qxb7 Rf8 25. g3 Qxc4 26. d7 Be4 27. Qc8 Rxf3
28. Rfd1 Bd4+ 29. Rxd4 Rf1+ 30. Rxf1 Qxd4+ 31. Rf2 Bf5 32. Qxc5 Qd1+ 33. Rf1
Qxd7 34. Nc3 Bh3 35. Nd5 Qe6 36. Nf4 Qc8 37. Qxc8 {Time} 1-0

[Event "Hoogovens"]
[Site "Wijk aan Zee"]
[Date "1974.01.26"]
[Round "10"]
[White "Hecht, Hans Joachim"]
[Black "Adorjan, Andras"]
[Result "1/2-1/2"]
[WhiteElo "2505"]
[BlackElo "2515"]
[PlyCount "76"]
[EventDate "1974.01.15"]
[EventType "tourn"]
[EventRounds "15"]
[EventCountry "NED"]
[EventCategory "10"]
[Source "ChessBase"]
[SourceDate "1999.07.01"]
[WhiteTeamCountry "HUN"]
[BlackTeamCountry "URS"]

1. e4 c5 2. Nf3 Nc6 3. Bb5 g6 4. O-O Bg7 5. Re1 e5 6. Bxc6 dxc6 7. d3 Qc7 8.
Be3 b6 9. a4 Nf6 10. a5 Rb8 11. Qc1 Nd7 12. axb6 axb6 13. Bh6 O-O 14. Bxg7 Kxg7
15. Nbd2 Re8 16. Nc4 Nf8 17. c3 b5 18. Ne3 Rd8 19. Rd1 Ne6 20. g3 h6 21. Kg2
Ng5 22. Ng1 Be6 23. h4 Nh7 24. Nf3 Nf6 25. b4 c4 26. d4 Nxe4 27. Nxe5 Ra8 28.
N3g4 Bxg4 29. Nxg4 h5 30. Qh6+ Kg8 31. Rxa8 Rxa8 32. Re1 hxg4 33. Rxe4 Qd7 34.
Re5 Re8 35. Qe3 Rxe5 36. Qxe5 Qb7 37. Qe4 Qd7 38. Qe5 Qb7 1/2-1/2

[Event "Hoogovens"]
[Site "Wijk aan Zee"]
[Date "1974.01.30"]
[Round "13"]
[White "Adorjan, Andras"]
[Black "Forintos, Gyozo"]
[Result "1/2-1/2"]
[WhiteElo "2515"]
[BlackElo "2460"]
[PlyCount "25"]
[EventDate "1974.01.15"]
[EventType "tourn"]
[EventRounds "15"]
[EventCountry "NED"]
[EventCategory "10"]
[Source "ChessBase"]
[SourceDate "1999.07.01"]
[WhiteTeamCountry "HUN"]
[BlackTeamCountry "URS"]

1. e4 e6 2. d4 d5 3. Nd2 b6 4. e5 Ba6 5. Bxa6 Nxa6 6. c3 Qd7 7. Qe2 Nb8 8. Ngf3
Ne7 9. O-O h5 10. Re1 Nf5 11. Nf1 Nc6 12. Ne3 Nce7 13. a4 1/2-1/2

[Event "Hoogovens"]
[Site "Wijk aan Zee"]
[Date "1974.01.31"]
[Round "14"]
[White "Ghitescu, Theodor"]
[Black "Adorjan, Andras"]
[Result "1/2-1/2"]
[WhiteElo "2455"]
[BlackElo "2515"]
[PlyCount "28"]
[EventDate "1974.01.15"]
[EventType "tourn"]
[EventRounds "15"]
[EventCountry "NED"]
[EventCategory "10"]
[Source "ChessBase"]
[SourceDate "1999.07.01"]
[WhiteTeamCountry "HUN"]
[BlackTeamCountry "URS"]

1. c4 c5 2. Nc3 g6 3. g3 Bg7 4. Bg2 Nc6 5. Nf3 e6 6. O-O Nge7 7. e3 O-O 8. d4
cxd4 9. Nxd4 d5 10. cxd5 Nxd5 11. Nxd5 Nxd4 12. exd4 exd5 13. Be3 Be6 14. Qb3
Qb6 1/2-1/2

[Event "Olot"]
[Site "Olot"]
[Date "1974.03.17"]
[Round "1"]
[White "Adorjan, Andras"]
[Black "Ostojic, Predrag"]
[Result "1-0"]
[WhiteElo "2515"]
[BlackElo "2440"]
[PlyCount "55"]
[EventDate "1974.03.??"]
[EventType "tourn"]
[EventRounds "11"]
[EventCountry "ESP"]
[EventCategory "6"]
[Source "ChessBase"]
[SourceDate "1998.11.10"]
[WhiteTeamCountry "HUN"]
[BlackTeamCountry "URS"]

1. e4 c5 2. Nf3 d6 3. d4 cxd4 4. Nxd4 Nf6 5. Nc3 g6 6. Be3 Bg7 7. f3 Nc6 8. Qd2
O-O 9. Bc4 Bd7 10. O-O-O Rc8 11. Bb3 Ne5 12. h4 Nc4 13. Bxc4 Rxc4 14. h5 Nxh5
15. g4 Nf6 16. e5 Nxg4 17. fxg4 Bxe5 18. Qg2 Re8 19. Rxh7 Kxh7 20. Qh3+ Kg8 21.
Rh1 e6 22. Qh7+ Kf8 23. Bh6+ Ke7 24. Bg5+ Bf6 25. Bxf6+ Kxf6 26. Rf1+ Ke5 27.
Nf3+ Kf6 28. Nd2+ 1-0

[Event "Olot"]
[Site "Olot"]
[Date "1974.03.18"]
[Round "2"]
[White "Adorjan, Andras"]
[Black "Martz, William E"]
[Result "1/2-1/2"]
[WhiteElo "2515"]
[BlackElo "2395"]
[PlyCount "114"]
[EventDate "1974.03.??"]
[EventType "tourn"]
[EventRounds "11"]
[EventCountry "ESP"]
[EventCategory "6"]
[Source "ChessBase"]
[SourceDate "1998.11.10"]
[WhiteTeamCountry "HUN"]
[BlackTeamCountry "URS"]

1. e4 e5 2. Nf3 Nc6 3. Bb5 Nf6 4. O-O d6 5. Bxc6+ bxc6 6. d4 Nd7 7. Nbd2 f6 8.
Nb3 Nb6 9. dxe5 dxe5 10. Qxd8+ Kxd8 11. Na5 Bd7 12. b3 Bb4 13. Bd2 Bxa5 14.
Bxa5 Bg4 15. Nd2 Ke7 16. f4 exf4 17. Rxf4 Be6 18. e5 f5 19. Nf3 c5 20. Be1 h6
21. Nh4 Rhd8 22. c4 Rd4 23. Nxf5+ Bxf5 24. Rxf5 Ke6 25. Rf1 Nd7 26. Ba5 c6 27.
Rad1 Rf8 28. Rfe1 h5 29. h3 g6 30. Bc3 Rxd1 31. Rxd1 Nxe5 32. Be1 Rf4 33. Bf2
Nd7 34. Re1+ Kf7 35. Re2 a6 36. Re1 Rf5 37. Bg3 Nf8 38. Rd1 Ke7 39. Bd6+ Ke6
40. g4 hxg4 41. hxg4 Rf7 42. Bxc5 Rf4 43. Rd6+ Ke5 44. Rxc6 Rxg4+ 45. Kf2 Ne6
46. Bd6+ Ke4 47. Rxa6 Ng5 48. Bc5 Nh3+ 49. Ke2 Rg2+ 50. Kd1 Nf4 51. a4 Kd3 52.
Rd6+ Kc3 53. Be3 Nd3 54. c5 Nb2+ 55. Ke1 Kxb3 56. Bf2 Nc4 57. Rd4 Na5 1/2-1/2

[Event "Olot"]
[Site "Olot"]
[Date "1974.03.19"]
[Round "3"]
[White "Iskov, Gert"]
[Black "Adorjan, Andras"]
[Result "1/2-1/2"]
[WhiteElo "2380"]
[BlackElo "2515"]
[PlyCount "24"]
[EventDate "1974.03.??"]
[EventType "tourn"]
[EventRounds "11"]
[EventCountry "ESP"]
[EventCategory "6"]
[Source "ChessBase"]
[SourceDate "1998.11.10"]
[WhiteTeamCountry "HUN"]
[BlackTeamCountry "URS"]

1. Nf3 g6 2. e4 Bg7 3. d4 d6 4. Nc3 a6 5. a4 b6 6. Be2 Bb7 7. Be3 Nd7 8. O-O c5
9. d5 Ngf6 10. Nd2 O-O 11. f4 Re8 12. Bf3 Qc7 1/2-1/2

[Event "Olot"]
[Site "Olot"]
[Date "1974.03.20"]
[Round "4"]
[White "Adorjan, Andras"]
[Black "Ghitescu, Theodor"]
[Result "1/2-1/2"]
[WhiteElo "2515"]
[BlackElo "2455"]
[PlyCount "62"]
[EventDate "1974.03.??"]
[EventType "tourn"]
[EventRounds "11"]
[EventCountry "ESP"]
[EventCategory "6"]
[Source "ChessBase"]
[SourceDate "1998.11.10"]
[WhiteTeamCountry "HUN"]
[BlackTeamCountry "URS"]

1. e4 e5 2. Nf3 Nc6 3. Bb5 Nd4 4. Nxd4 exd4 5. O-O c6 6. Bc4 Nf6 7. Re1 d6 8.
c3 Qb6 9. Qb3 Qxb3 10. axb3 dxc3 11. dxc3 Be7 12. Bf4 Nd7 13. Nd2 O-O 14. Bf1
Nb6 15. Nf3 Bg4 16. Nd4 g6 17. Bg3 Rfe8 18. f4 Bd7 19. Rac1 Bg4 20. Ra1 Bd7 21.
b4 Bf8 22. Rad1 Bg4 23. Ra1 Bd7 24. Rad1 Bg4 25. Ra1 Bd7 26. h3 Be7 27. Kh2 Bf8
28. Nb3 Be6 29. Nd4 Bd7 30. Nb3 Be6 31. Na5 Rab8 1/2-1/2

[Event "Olot"]
[Site "Olot"]
[Date "1974.03.22"]
[Round "5"]
[White "Martin Gonzalez, Angel"]
[Black "Adorjan, Andras"]
[Result "1/2-1/2"]
[WhiteElo "2275"]
[BlackElo "2515"]
[PlyCount "62"]
[EventDate "1974.03.??"]
[EventType "tourn"]
[EventRounds "11"]
[EventCountry "ESP"]
[EventCategory "6"]
[Source "ChessBase"]
[SourceDate "1998.11.10"]
[WhiteTeamCountry "HUN"]
[BlackTeamCountry "URS"]

1. e4 c5 2. Nf3 Nc6 3. d4 cxd4 4. Nxd4 g6 5. Nc3 Bg7 6. Be3 Nf6 7. Bc4 O-O 8.
Bb3 d6 9. f3 Bd7 10. Qe2 Na5 11. O-O-O Rc8 12. h4 Nxb3+ 13. axb3 Qa5 14. Kb1
Rxc3 15. bxc3 Qxc3 16. Qd2 Qc7 17. h5 Nxh5 18. g4 Nf6 19. Bh6 Rc8 20. Bxg7 Kxg7
21. Rh2 Qc3 22. Qxc3 Rxc3 23. Kb2 Rc5 24. Rd3 h5 25. gxh5 Nxh5 26. Rc3 Rxc3 27.
Kxc3 e5 28. Ne2 Bc6 29. Kd3 d5 30. exd5 Bxd5 31. Ke3 f5 1/2-1/2

[Event "Olot"]
[Site "Olot"]
[Date "1974.03.27"]
[Round "9"]
[White "Pomar Salamanca, Arturo"]
[Black "Adorjan, Andras"]
[Result "0-1"]
[WhiteElo "2435"]
[BlackElo "2515"]
[PlyCount "60"]
[EventDate "1974.03.??"]
[EventType "tourn"]
[EventRounds "11"]
[EventCountry "ESP"]
[EventCategory "6"]
[Source "ChessBase"]
[SourceDate "1998.11.10"]
[WhiteTeamCountry "HUN"]
[BlackTeamCountry "URS"]

1. d4 g6 2. Nf3 Bg7 3. c4 c5 4. Nc3 cxd4 5. Nxd4 Nc6 6. e3 Nf6 7. Be2 O-O 8.
O-O d6 9. b3 d5 10. Bf3 Nxd4 11. exd4 dxc4 12. bxc4 Be6 13. d5 Bf5 14. Be3 Rc8
15. Qe2 Nd7 16. Rac1 Ne5 17. Be4 Rxc4 18. Bxf5 gxf5 19. f4 Ng4 20. Bd2 Qb6+ 21.
Kh1 Rfc8 22. h3 Bxc3 23. Rxc3 Rxc3 24. hxg4 Rc2 25. gxf5 Qd4 26. Rd1 Qxf4 27.
Qd3 Qh4+ 28. Kg1 R8c4 29. Be1 Qg4 30. Bf2 Qxd1+ 0-1

[Event "Olot"]
[Site "Olot"]
[Date "1974.03.28"]
[Round "10"]
[White "Adorjan, Andras"]
[Black "Bellon Lopez, Juan Manuel"]
[Result "1-0"]
[WhiteElo "2515"]
[BlackElo "2400"]
[PlyCount "101"]
[EventDate "1974.03.??"]
[EventType "tourn"]
[EventRounds "11"]
[EventCountry "ESP"]
[EventCategory "6"]
[Source "ChessBase"]
[SourceDate "1998.11.10"]
[WhiteTeamCountry "HUN"]
[BlackTeamCountry "URS"]

1. e4 c5 2. Nf3 Nc6 3. Bb5 g6 4. O-O Bg7 5. c3 e5 6. d4 cxd4 7. cxd4 exd4 8.
Bf4 Nge7 9. Bd6 a6 10. Bc4 O-O 11. Nbd2 b5 12. Bd5 Nxd5 13. Bxf8 Qxf8 14. exd5
Ne7 15. Nb3 Nf5 16. Na5 Qb4 17. Qd2 Qxd2 18. Nxd2 d3 19. Rab1 Ne7 20. d6 Nc6
21. Ndb3 Bf8 22. Rfe1 Bxd6 23. Re8+ Kg7 24. Rd1 Bc7 25. Nxc6 dxc6 26. Rxd3 Bb6
27. Rd6 Bb7 28. Rxa8 Bxa8 29. Nd4 Bb7 30. Nxc6 Bc5 31. Rd7 Bxc6 32. Rc7 Bd5 33.
Rxc5 Bxa2 34. b4 Kf6 35. f4 Ke6 36. Kf2 h5 37. Rc6+ Kd5 38. Rxa6 Bb3 39. f5 Bc2
40. fxg6 fxg6 41. Ke3 Bf5 42. Ra2 Kc4 43. Rf2 Kxb4 44. Kd4 Be6 45. Rb2+ Bb3 46.
h4 Ka3 47. Rb1 Ka2 48. Rf1 Ka3 49. Kc3 Bc4 50. Rb1 Bd5 51. Rxb5 1-0

[Event "Olot"]
[Site "Olot"]
[Date "1974.03.29"]
[Round "11"]
[White "Lombardy, William James"]
[Black "Adorjan, Andras"]
[Result "1/2-1/2"]
[WhiteElo "2520"]
[BlackElo "2515"]
[PlyCount "24"]
[EventDate "1974.03.??"]
[EventType "tourn"]
[EventRounds "11"]
[EventCountry "ESP"]
[EventCategory "6"]
[Source "ChessBase"]
[SourceDate "1998.11.10"]
[WhiteTeamCountry "HUN"]
[BlackTeamCountry "URS"]

1. c4 g6 2. Nc3 c5 3. g3 Bg7 4. Bg2 Nc6 5. b3 e6 6. Bb2 Nge7 7. Na4 Bxb2 8.
Nxb2 O-O 9. Nf3 d5 10. O-O b6 11. d4 cxd4 12. Nxd4 Bb7 1/2-1/2

[Event "WchT U26 fin-A 20th"]
[Site "Teeside"]
[Date "1974.07.22"]
[Round "1"]
[White "Chellstorp, Craig V"]
[Black "Adorjan, Andras"]
[Result "1/2-1/2"]
[WhiteElo "2380"]
[BlackElo "2515"]
[PlyCount "41"]
[EventDate "1974.07.15"]
[EventType "tourn ()"]
[EventRounds "9"]
[EventCountry "ENG"]
[Source "ChessBase"]
[SourceDate "1998.11.10"]
[WhiteTeam "US of America"]
[BlackTeam "Hungary"]
[WhiteTeamCountry "USA"]
[BlackTeamCountry "HUN"]

1. d4 g6 2. c4 Bg7 3. Nc3 c5 4. e3 Nf6 5. Nf3 O-O 6. Be2 cxd4 7. exd4 d5 8. O-O
Nc6 9. Be3 dxc4 10. Bxc4 Na5 11. Be2 Be6 12. Ne5 Nd5 13. Nxd5 Bxd5 14. Qa4 Nc6
15. Rfd1 Qa5 $146 ({RR} 15... e6 16. Bf3 Bxf3 17. Nxf3 Qa5 18. Qxa5 Nxa5 19.
Rac1 Nc6 20. d5 exd5 21. Rxd5 Rfd8 22. Rcd1 Bxb2 23. Rxd8+ Nxd8 24. Rd7 b6 25.
Ng5 h6 26. Ne4 Ne6 27. Bxh6 Rd8 28. Rxd8+ Nxd8 {
1/2-1/2 Kavalek,L-Matulovic,M (2525)/Havana 1966/MCD}) 16. Qxa5 Nxa5 17. b4 Nc6
18. Nxc6 Bxc6 19. Rac1 (19. b5 Bd5) 19... Rac8 (19... e6) 20. Rc3 Rfd8 $15 21.
Rdc1 1/2-1/2

[Event "WchT U26 fin-A 20th"]
[Site "Teeside"]
[Date "1974.07.24"]
[Round "3"]
[White "Adorjan, Andras"]
[Black "Vaganian, Rafael"]
[Result "0-1"]
[WhiteElo "2515"]
[BlackElo "2540"]
[PlyCount "66"]
[EventDate "1974.07.15"]
[EventType "tourn ()"]
[EventRounds "9"]
[EventCountry "ENG"]
[Source "ChessBase"]
[SourceDate "1998.11.10"]
[WhiteTeam "Hungary"]
[BlackTeam "Soviet Union"]
[WhiteTeamCountry "HUN"]
[BlackTeamCountry "URS"]

1. e4 e6 2. d4 d5 3. Nd2 Nf6 4. e5 Nfd7 5. f4 c5 6. c3 Nc6 7. Ndf3 Qa5 8. Kf2
Be7 9. Bd3 Qb6 ({RR} 9... cxd4 10. cxd4 f6 11. Ne2 Qb6 12. Qa4 O-O 13. Kg3 g5
14. Qc2 Rf7 15. a3 fxe5 16. fxe5 Ndxe5 17. Nxe5 Nxe5 18. Bxh7+ Kh8 19. h4 gxh4+
20. Kh3 Ng4 21. Bg6 e5 22. Bxf7 Ne3+ 23. Qxc8+ Rxc8 24. Bxe3 {
Huebner,R (2620)-Ree,H (2475)/Wijk aan Zee 1982/MCD/1/2-1/2 (34)}) 10. Ne2 f6
11. Kg3 ({RR} 11. exf6 Bxf6 12. Kg3 cxd4 13. cxd4 O-O 14. Re1 e5 15. fxe5 Ndxe5
16. dxe5 Bh4+ 17. Kxh4 Rxf3 18. Rf1 Qb4+ 19. Bf4 Qe7+ 20. Bg5 Qe6 21. Bf5 Rxf5
22. Nf4 Qxe5 23. Qg4 Rf7 24. Qh5 Ne7 25. g4 Ng6+ {
Reshevsky,S (2515)-Vaganian,R (2550)/Skopje 1976/MCD/0-1}) 11... g5 $1 12. Re1
({RR} 12. h3 gxf4+ 13. Nxf4 fxe5 14. dxe5 Ncxe5 15. Nxe5 Nxe5 16. Qh5+ Nf7 17.
Rf1 Bd6 18. Kh2 Qc7 19. Kh1 Qe7 20. Nxd5 exd5 21. Bb5+ Kd8 22. Rxf7 Qe1+ 23.
Bf1 Be7 24. Bg5 Qxa1 25. Bxe7+ Kc7 26. Qe5+ {
1-0 Gaprindashvili,N (2425)-Borisova,B (2085)/Timisoara 1975/EXT 2012}) 12...
cxd4 13. Nexd4 gxf4+ 14. Bxf4 fxe5 15. Nxe5 Ndxe5 16. Rxe5 (16. Bxe5 Nxe5 17.
Rxe5 Bd7 $132 {Vaganian}) 16... Nxe5 17. Bxe5 Rg8+ 18. Kh3 Rg5 19. Bb5+ Kd8 $1
(19... Bd7 20. Bxd7+ Kxd7 21. Qa4+ Kd8 22. Re1 $16 {Vaganian}) 20. Qe2 Bd7 21.
Bd3 Kc8 22. Nf3 Rg8 23. c4 Kd8 24. Bxh7 Rf8 25. Qd2 Rc8 26. b3 Rc5 27. Rd1 Kc8
28. Bd3 dxc4 29. Bxc4 $2 Qc6 $19 30. Be2 Rxe5 31. Nxe5 Rh8+ 32. Kg3 Bh4+ 33.
Kf4 Rf8+ 0-1

[Event "WchT U26 fin-A 20th"]
[Site "Teeside"]
[Date "1974.07.25"]
[Round "4"]
[White "Borngaesser, Rene"]
[Black "Adorjan, Andras"]
[Result "1/2-1/2"]
[WhiteElo "2365"]
[BlackElo "2515"]
[PlyCount "26"]
[EventDate "1974.07.15"]
[EventType "tourn ()"]
[EventRounds "9"]
[EventCountry "ENG"]
[Source "ChessBase"]
[SourceDate "1998.11.10"]
[WhiteTeam "German Fed Rep"]
[BlackTeam "Hungary"]
[WhiteTeamCountry "GER"]
[BlackTeamCountry "HUN"]

1. e4 g6 2. d4 Bg7 3. Nf3 d6 4. Bc4 Nf6 5. Qe2 O-O 6. O-O Nc6 7. h3 e5 8. dxe5
Nxe5 9. Nxe5 dxe5 10. Rd1 Qe7 11. Nc3 c6 12. a4 Be6 13. Bg5 a5 ({RR} 13... h6 {
Espig,L-Adorjan,A/Budapest Tungsram 1975 (3)/1/2}) 1/2-1/2

[Event "WchT U26 fin-A 20th"]
[Site "Teeside"]
[Date "1974.07.27"]
[Round "6"]
[White "Kristiansen, Jens"]
[Black "Adorjan, Andras"]
[Result "1/2-1/2"]
[WhiteElo "2370"]
[BlackElo "2515"]
[PlyCount "66"]
[EventDate "1974.07.15"]
[EventType "tourn ()"]
[EventRounds "9"]
[EventCountry "ENG"]
[Source "ChessBase"]
[SourceDate "1998.11.10"]
[WhiteTeam "Denmark"]
[BlackTeam "Hungary"]
[WhiteTeamCountry "DEN"]
[BlackTeamCountry "HUN"]

1. e4 d6 2. d4 Nf6 3. Nc3 g6 4. f4 Bg7 5. Nf3 O-O 6. e5 dxe5 7. dxe5 Qxd1+ 8.
Kxd1 Nh5 9. Rg1 Bg4 10. Be2 Nc6 11. h3 Rad8+ 12. Ke1 Bxf3 13. Bxf3 Nd4 14. Bd1
Ng3 ({RR} 14... Bh6 15. g3 f6 16. Ne4 Kh8 17. c3 Ne6 18. Bb3 Nhg7 19. Nf2 Nc5
20. Bc2 fxe5 21. Ng4 Bxf4 22. gxf4 exf4 23. Nf2 e5 24. b4 Nd7 25. Ne4 Nf6 26.
Kf2 Nxe4+ 27. Bxe4 c6 28. Re1 Nf5 29. a4 {
Laengl,J (2248)-Hamm,S (2243)/Wuerttenberg 1999/EXT 2002/1/2-1/2 (42)}) 15. Kf2
Ndf5 16. Bf3 c6 17. Ne4 Nxe4+ 18. Bxe4 e6 19. g4 $14 Ne7 20. g5 Nd5 21. c4 Nb6
22. b3 Rd7 23. Be3 Rfd8 24. Ke2 Bf8 25. Rad1 Rxd1 26. Rxd1 Rxd1 27. Kxd1 Bb4
28. Bd2 Bxd2 29. Kxd2 Kf8 30. Kc3 Ke7 31. b4 Kd7 32. Kb3 Kc7 33. a4 Nd7 1/2-1/2

[Event "WchT U26 fin-A 20th"]
[Site "Teeside"]
[Date "1974.07.29"]
[Round "8"]
[White "Van Dop, Arend J"]
[Black "Adorjan, Andras"]
[Result "1/2-1/2"]
[WhiteElo "2340"]
[BlackElo "2515"]
[PlyCount "37"]
[EventDate "1974.07.15"]
[EventType "tourn ()"]
[EventRounds "9"]
[EventCountry "ENG"]
[Source "ChessBase"]
[SourceDate "1998.11.10"]
[WhiteTeam "Netherlands"]
[BlackTeam "Hungary"]
[WhiteTeamCountry "NED"]
[BlackTeamCountry "HUN"]

1. e4 g6 2. d4 Bg7 3. Nc3 d6 4. Be2 Nf6 5. Nf3 O-O 6. O-O Nc6 7. Be3 Ng4 (7...
Bg4 $142) 8. Bg5 h6 9. Bh4 Nf6 10. d5 Nb8 11. Nd2 c6 12. a4 a5 13. Nc4 Nbd7 14.
Re1 cxd5 ({RR} 14... Qc7 15. Bf1 Nb6 16. Ra3 Nxc4 17. Bxc4 Re8 18. Qd2 g5 19.
Bg3 Nh5 20. Nd1 Nxg3 21. Rxg3 e6 22. dxc6 bxc6 23. h4 gxh4 24. Rg4 Kf8 25. Rxh4
d5 26. Bd3 Ba6 27. Bxa6 Rxa6 28. e5 Raa8 29. Qc3 {
Novikov,I (2601)-Wojtkiewicz,A (2570)/Mashantucket 1999/EXT 2000/1-0 (42)}) 15.
exd5 Nc5 16. Ra3 $6 Bd7 17. Bf1 Rc8 18. b3 Re8 19. f3 1/2-1/2

[Event "WchT U26 fin-A 20th"]
[Site "Teeside"]
[Date "1974.07.31"]
[Round "9"]
[White "Adorjan, Andras"]
[Black "Stean, Michael"]
[Result "1/2-1/2"]
[WhiteElo "2515"]
[BlackElo "2345"]
[PlyCount "48"]
[EventDate "1974.07.15"]
[EventType "tourn ()"]
[EventRounds "9"]
[EventCountry "ENG"]
[Source "ChessBase"]
[SourceDate "1998.11.10"]
[WhiteTeam "Hungary"]
[BlackTeam "England"]
[WhiteTeamCountry "HUN"]
[BlackTeamCountry "ENG"]

1. e4 c5 2. Nf3 d6 3. d4 cxd4 4. Nxd4 Nf6 5. Nc3 Nc6 6. Bg5 e6 7. Qd2 a6 8.
O-O-O h6 9. Bf4 Bd7 10. Nxc6 Bxc6 11. f3 (11. Qe1) 11... d5 12. Qe1 Bb4 13. a3
Ba5 14. b4 Bb6 15. exd5 Bxd5 16. Be5 $146 (16. Nxd5 {
Zuckerman,B (2425)-Benko,P (2510)/USA-ch Chicago 1974 (12)/1/2}) 16... O-O 17.
Qh4 Nd7 18. Qxd8 Rfxd8 19. Nxd5 exd5 20. Bd4 a5 21. Kb2 axb4 ({RR} 21... Ba7
22. Bc3 Nf8 23. Kb3 Ne6 24. Bb2 Be3 25. g3 Rdc8 26. Rxd5 a4+ 27. Ka2 Rxc2 28.
Bd3 Rf2 29. Re1 Rxf3 30. Be4 Bf2 31. Rc1 {
1-0 Stefansson,H (2560)-Teplitsky,Y (2450)/Yerevan 1996/EXT 1997 (31)}) 22.
axb4 Bxd4+ 23. Rxd4 Nb6 24. Bb5 Rdc8 1/2-1/2

[Event "WchT U26 prel-2 20th"]
[Site "Teeside"]
[Date "1974.07.18"]
[Round "3"]
[White "Ornstein, Axel"]
[Black "Adorjan, Andras"]
[Result "1-0"]
[WhiteElo "2430"]
[BlackElo "2515"]
[PlyCount "83"]
[EventDate "1974.07.15"]
[EventType "tourn ()"]
[EventRounds "5"]
[EventCountry "ENG"]
[Source "ChessBase"]
[SourceDate "1998.11.10"]
[WhiteTeam "Sweden"]
[BlackTeam "Hungary"]
[WhiteTeamCountry "SWE"]
[BlackTeamCountry "HUN"]

1. c4 g6 2. e4 c5 3. Nf3 Bg7 4. d4 Qa5+ 5. Bd2 Qb6 6. Bc3 Nf6 7. d5 O-O 8. Nbd2
d6 9. Bd3 $146 ({RR} 9. Be2 e5 10. O-O {RR} Qd8 (10... Nh5 11. g3 Bh3 12. Re1
Qd8 13. Kh1 Bg4 {RR} 14. Kg2 Bh6 15. h3 Bxf3+ 16. Nxf3 Ng7 17. Bd3 Nd7 18. a3
f5 19. b4 b6 20. Ra2 Nf6 21. Rb2 Rc8 22. b5 Rc7 23. Ng1 Rcf7 24. a4 fxe4 25.
Bxe4 Nxe4 26. Rxe4 Nf5 27. Be1 Qf6 28. Qd3 Nd4 {
Csom,I-Adorjan,A/Budapest 1973/EXT 2000/1/2-1/2 (45)}) 11. Ne1 Bh6 12. Qc2 Nbd7
13. g3 Nh5 14. Bxh5 gxh5 15. Ng2 Nf6 16. Nf3 Bh3 17. Nfh4 Bg5 18. f4 Bxh4 19.
Nxh4 Ng4 20. Nf5 f6 21. a4 a5 22. Rf3 Qc7 23. Nh4 Rf7 24. Bd2 Kf8 25. f5 {
Ljubojevic,L (2615)-Bellon Lopez,J (2415)/Orense 1975/EXT 2001/1-0 (33)}) 9...
e5 10. O-O Na6 11. Ne1 Nh5 12. g3 Bh3 13. Ng2 Rae8 14. Be2 Nf6 15. a3 Nd7 16.
Nf3 (16. Rb1) 16... Qd8 17. Nfh4 f5 18. exf5 g5 19. Nf3 e4 20. Nd2 Bxf5 21.
Bxg7 Kxg7 22. f4 Qf6 23. g4 $1 Bg6 24. Kh1 $2 (24. f5 Bf7) 24... e3 25. fxg5
Qxb2 26. Nf3 Be4 27. Nfh4 Rf2 28. Re1 Ref8 29. Kg1 Qe5 30. Bf1 Qxg5 31. Qc1
Bxg2 32. Nxg2 Ne5 33. Qxe3 Qxg4 34. Re2 R2f3 35. Qe4 R3f4 36. Qe3 Rxc4 37. Rb1
Rf7 38. Rf2 Nf3+ 39. Rxf3 Rxf3 40. Rxb7+ Kf6 41. Qe7+ Kf5 42. Qe6+ 1-0

[Event "WchT U26 prel-2 20th"]
[Site "Teeside"]
[Date "1974.07.20"]
[Round "5"]
[White "Meulders, Richard"]
[Black "Adorjan, Andras"]
[Result "0-1"]
[WhiteElo "2225"]
[BlackElo "2515"]
[PlyCount "66"]
[EventDate "1974.07.15"]
[EventType "tourn ()"]
[EventRounds "5"]
[EventCountry "ENG"]
[Source "ChessBase"]
[SourceDate "1998.11.10"]
[WhiteTeam "Belgium"]
[BlackTeam "Hungary"]
[WhiteTeamCountry "BEL"]
[BlackTeamCountry "HUN"]

1. e4 g6 2. d4 Bg7 3. Nc3 d6 4. Be3 c6 5. Qd2 b5 6. a4 b4 7. Nd1 a5 8. f3 Nf6
9. g4 h5 $1 10. g5 Nfd7 11. h4 (11. f4) 11... O-O 12. c4 bxc3 (12... c5 13. d5
e6 $15) 13. Nxc3 Ba6 14. Nge2 Nb6 15. b3 N8d7 16. Ng3 d5 17. Rc1 e5 18. Bxa6
Rxa6 19. exd5 Nxd5 20. Nxd5 cxd5 21. Kf2 Qb8 22. Rc3 f6 23. Rhc1 fxg5 24. Rc7 (
24. hxg5) 24... e4 25. Bxg5 Ra7 26. Bf4 Rxc7 27. Rxc7 Rxf4 28. Qxf4 Bxd4+ 29.
Kg2 Be5 30. Qh6 exf3+ 31. Kh3 Qxc7 32. Qxg6+ Kf8 33. Qxh5 Qd6 0-1

[Event "HUN-ch"]
[Site "Hungary"]
[Date "1975.??.??"]
[Round "?"]
[White "Adorjan, Andras"]
[Black "Flesch, Janos"]
[Result "1-0"]
[WhiteElo "2515"]
[BlackElo "2385"]
[PlyCount "61"]
[EventDate "1975.??.??"]
[EventType "tourn"]
[EventRounds "17"]
[EventCountry "HUN"]
[EventCategory "7"]
[Source "ChessBase"]
[SourceDate "1999.07.01"]
[WhiteTeamCountry "BEL"]
[BlackTeamCountry "HUN"]

1. e4 c6 2. d4 d5 3. Nc3 dxe4 4. Nxe4 Nd7 5. Bc4 Ngf6 6. Ng5 e6 7. Qe2 Nb6 8.
Bd3 h6 9. N5f3 c5 10. dxc5 Bxc5 11. Ne5 Nbd7 12. Ngf3 Nxe5 13. Nxe5 O-O 14. Bd2
Qd5 15. O-O-O Qxa2 16. c3 b5 17. Bxh6 Bb7 18. Nd7 Nxd7 19. Qg4 Qa1+ 20. Bb1 g6
21. Rxd7 Ba3 22. Rd2 Rfd8 23. bxa3 Qxc3+ 24. Kd1 Rxd2+ 25. Bxd2 Rd8 26. Qg5
Bf3+ 27. gxf3 Qxf3+ 28. Kc2 Rc8+ 29. Kb2 Qxh1 30. Bxg6 Qxh2 31. Bh5+ 1-0